000 01365cam a22004097a 4500
003 CHAP
005 20220817043331.0
008 971013s1993 r 00010 d
010 _a72310
011 _a73282
035 _a82839
040 _cCHAP
082 _a633.18096
_bF3f
110 _aFAO
245 0 _aLes politiques du riz en Afrique subsaharienne
_b: estude des cas du Burkina Faso, Niger, Mali, Sénégal et Tchad
260 _aRome :
_bFAO,
_c1993
300 _a129 p.
410 _aFAO
490 0 _aDesarrollo económico y social
_v; 114
590 _aBATCH-UPD
_b10
_c20130109
_lUCH01
_h2311
590 _aBATCH-UPD
_b10
_c20130110
_lUCH01
_h0409
590 _aBATCH-UPD
_b10
_c20130110
_lUCH01
_h1945
590 _aBATCH-UPD
_b10
_c20130410
_lUCH01
_h0043
590 _aBATCH-UPD
_b10
_c20130410
_lUCH01
_h1545
590 _aBATCH-UPD
_b10
_c20130914
_lUCH01
_h0404
590 _aBATCH-UPD
_b10
_c20130914
_lUCH01
_h2013
590 _aCONVERSION
_b10
_c20130109
_lUCH01
_h1340
650 1 4 _aArroz
_xAfrica.
_97555
650 1 4 _aArroz
_xAspectos económicos
_xAfrica.
_97563
650 1 4 _aPolítica arrocera
_xAfrica.
_990432
700 0 _aRoger-Estrade, Antoine.
_999061
810 0 _aFAO
830 0 0 _aDesarrollo económico y social
_v; 114
_932058
901 _aBK
942 _cLIBRO
949 _a633.18096 F3f
_bBC
_cFAO
_d-37088
_eFAO1
_h86757
_i82839
_si
999 _c72310
_d72310